Normal view
MARC view
- Kaplan, Herbert
Entry Personal Name
001 - CONTROL NUMBER
- control field: 96343
003 - CONTROL NUMBER IDENTIFIER
- control field: NUST
005 - DATE AND TIME OF LATEST TRANSACTION
- control field: 20220802174205.0
008 - FIXED-LENGTH DATA ELEMENTS
- fixed length control field: 220802|| aca||aabn | a|a d
040 ## - CATALOGING SOURCE
- Original cataloging agency: NUST
- Transcribing agency: NUST
100 ## - HEADING--PERSONAL NAME
- Personal name: Kaplan, Herbert
670 ## - SOURCE DATA FOUND
- Source citation: Work cat.: (NUST)175605: Kaplan, Herbert., Practical applications of infrared thermal sensing and imaging equipment /, c1999.
